Les villes les plus peuplées de Côte-d'Or - Statistiques

Statistiques générales
  • Ce quiz a été pris 282 fois
  • Le résultat moyen est 11 sur 20
Statistiques - réponses
Population Ville % Correct
150 138 Dijon
100%
21 917 Beaune
93%
16 250 Chenôve
77%
6 302 Montbard
75%
9 409 Quetigny
71%
12 172 Talant
63%
5 574 Nuits-Saint-Georges
60%
7 162 Auxonne
55%
8 872 Fontaine-lès-Dijon
51%
6 269 Châtillon-sur-Seine
49%
9 015 Longvic
49%
10 140 Chevigny-Saint-Sauveur
48%
3 925 Is-sur-Tille
48%
4 451 Semur-en-Auxois
48%
5 259 Genlis
42%
3 259 Gevrey-Chambertin
37%
5 213 Marsannay-la-Côte
37%
5 024 Saint-Apollinaire
37%
2 835 Saulieu
31%
3 276 Venarey-les-Laumes
19%
Aucun quiz correspondant
Distribution des résultats
% des personnes avec chaque résultat
Percentile par nombre de réponses
Votre historique - résultats
Vous n’avez pas pris ce quiz